Why nations go to war / (Record no. 186296)

000 -LEADER
fixed length control field 01083 a2200253 4500
003 - CONTROL NUMBER IDENTIFIER
control field Nust
005 - DATE AND TIME OF LATEST TRANSACTION
control field 20230130130657.0
010 ## - LIBRARY OF CONGRESS CONTROL NUMBER
LC control number 2004100654
020 ## - INTERNATIONAL STANDARD BOOK NUMBER
International Standard Book Number 0534631479
020 ## - INTERNATIONAL STANDARD BOOK NUMBER
International Standard Book Number 0534631487
035 ## - SYSTEM CONTROL NUMBER
System control number (DLC) 2004100654
040 ## - CATALOGING SOURCE
Transcribing agency Nust
082 00 - DEWEY DECIMAL CLASSIFICATION NUMBER
Classification number 909.82,STO
100 1# - MAIN ENTRY--PERSONAL NAME
Personal name Stoessinger, John George.
9 (RLIN) 50893
245 10 - TITLE STATEMENT
Title Why nations go to war /
Statement of responsibility, etc. John G. Stoessinger.
250 ## - EDITION STATEMENT
Edition statement 9th ed.
260 ## - PUBLICATION, DISTRIBUTION, ETC.
Place of publication, distribution, etc. Belmont, CA :
Name of publisher, distributor, etc. Thomson/Wadsworth,
Date of publication, distribution, etc. c2005.
300 ## - PHYSICAL DESCRIPTION
Extent xxi, 370 p. :
Other physical details maps ;
Dimensions 22 cm.
505 ## - FORMATTED CONTENTS NOTE
Formatted contents note The Iron Dice World War I (Page-1), Barbarossa (Page-27), The Temptation of Victory (Page-57), A Greek Tragedy in Five Acts (Page-87), From Sarajevo to Kosovo (Page-119), Four Battles over God (Page-157), The Fifty Year’s War in The Holy Land (Page-187), Saddam Hussein’s Wars Against (Page-245), New wars for a New Century (Page-273), Why Nations Go to War (Page-309).
650 #0 - SUBJECT ADDED ENTRY--TOPICAL TERM
Topical term or geographic name entry element History, Modern
Chronological subdivision 20th century.
9 (RLIN) 11333
650 #0 - SUBJECT ADDED ENTRY--TOPICAL TERM
Topical term or geographic name entry element War.
856 41 - ELECTRONIC LOCATION AND ACCESS
Materials specified Table of contents
Uniform Resource Identifier <a href="http://www.loc.gov/catdir/toc/fy051/2004100654.html">http://www.loc.gov/catdir/toc/fy051/2004100654.html</a>
942 ## - ADDED ENTRY ELEMENTS (KOHA)
Source of classification or shelving scheme
Koha item type Book
Holdings
Withdrawn status Lost status Source of classification or shelving scheme Damaged status Not for loan Permanent Location Current Location Shelving location Date acquired Total Checkouts Full call number Barcode Date last seen Date last checked out Price effective from Koha item type Public note
          Military College of Signals (MCS) Military College of Signals (MCS) General Stacks 12/12/2016 2 909.82,STO MCS31653 12/31/2024 11/20/2024 12/12/2016 Book Almirah No.58, Shelf No.5
© 2023 Central Library, National University of Sciences and Technology. All Rights Reserved.